000 01205naa a22003377a 4500
001 BR6200142
003 BR-BrBNA
005 20240918173243.0
007 ta
008 230509b bl.||||| |||| 00| 0 por d
040 _aBR-BrBNA
_bpor
_cBiblioteca Nacional de Agricultura
041 _a(Pt)
072 _aL10
_b5120
090 _aL10 BR6200142
100 1 _aChieffi, A.
100 1 _aGouveia, P.F.
100 1 _aReis, J.M. dos
100 1 _aKalil, E.B.
111 1 _a8. Congresso Brasileiro de Veterinaria
_cBelo Horizonte, MG (Brazil)
_d29 Jul 1962
245 1 _aEficiencia da bufo-reacao no reconhecimento precoce da gestacao, em eguas puro sangue ingles [Diagnostico; Prenhez]
260 3 _aBelo Horizonte, MG (Brasil):
_c1962.
500 _aAnais do 8. Congresso Brasileiro de Veterinaria Belo Horizonte, MG (Brasil): 1962. p. 321-323 (BR6200142-AM)L10
650 _aEGUA
650 _aPURO SANGUE INGLES
650 _aDIAGNOSTICO
650 _aFERTILIDADE ANIMAL
650 _aPRENHEZ
773 0 _tAnais do 8. Congresso Brasileiro de Veterinaria
_wL10 BR6200142
_gBelo Horizonte, MG (Brasil), 1962. p. 321-323
909 _a202404
_bLucia
_c55
_dLucia Elande
942 _cAM
_2AGRIS
999 _c303590
_d303590